000 00432nam a2200181Ia 4500
001 10912
003 IN-NITTTR
005 20251114233102.0
008 251113s9999||||xx |||||||||||||| ||eng||
040 _beng
040 _cIN-NITTTR
041 _aeng
082 _a65175 L144L
100 _aLaird, Dugan
245 0 _aLevel- headed letters /
_cLaird, Dugan, Hayes, Joseph R.
700 _a Hayes, Joseph R.
942 _2ddc
_cBK
999 _c13548
_d13548